| 000 | 00732nam a22002417a 4500 | ||
|---|---|---|---|
| 003 | DO-SdBNP | ||
| 005 | 20230601111401.0 | ||
| 007 | ta | ||
| 008 | 230601b1944 dr ||||| |||| 00| 0 spa d | ||
| 040 |
_aDO-SdBNP _bspa _cBNPHU _erda |
||
| 082 | 4 | _222 | |
| 100 |
_937984 _aFernández Granell, Eugenio, _d1912-2001 |
||
| 245 | 1 | 3 |
_aEl hombre verde / _cEugenio Fernández Granell |
| 264 | 1 |
_aCiudad Trujillo, República Dominicana : _bLa Poesía Sorprendida, _c1944. |
|
| 300 |
_a6 páginas ; _c31 cm. |
||
| 336 |
_2rdacontent _atexto _btxt |
||
| 337 |
_2rdamedia _asin mediación _bn |
||
| 338 |
_2rdacarrier _avolumen _bnc |
||
| 490 | _aEstrella en Llamas | ||
| 590 | _aInventariado, 2023/BT | ||
| 910 | _aBtavárez | ||
| 942 |
_2ddc _cLF2 |
||
| 999 |
_c53679 _d53679 |
||